Teoría sintáxica, o, Exposición racional de las reglas sintáxicas, hecha con aplicación al dialecto que del idioma castellano se habla generalmente en la República Mexicana / por Eduardo López, profesor en el Colegio Civil de Querétaro (Méx.)

Detalles Bibliográficos
Autor principal: López, Eduardo
Formato: Libro
Lenguaje:Spanish
Publicado: México : Imp. Hijas de J. F. Jens, 1899.
Materias:
Colección:Banco de datos
Acervo:Seminario Conciliar de Nuestra Señora de Guadalupe Querétaro. Qro.. Biblioteca Florencio Rosas. Fondo Histórico
Descripción Física:210, XII p. ; 22 cm.
Tema general:Idiomas
Español - Sintaxis
Notas:Texto con signaturas. Propiedad intelectual: Derecho de propiedad reservado conforme la ley, para la reimpresión, reedición y traducción de la obra, y para la aplicación de la teoría a otro idioma. Falta encuadernación. Sello en tinta de la Biblioteca del Seminario, Querétaro. Sello en tinta del Seminario Conciliar, Querétaro
LEADER 01210nam a22002050004500
035 |a 6658 
041 0 |a spa 
100 1 |a López, Eduardo 
245 1 0 |a Teoría sintáxica, o, Exposición racional de las reglas sintáxicas, hecha con aplicación al dialecto que del idioma castellano se habla generalmente en la República Mexicana / por Eduardo López, profesor en el Colegio Civil de Querétaro (Méx.) 
260 |a México : Imp. Hijas de J. F. Jens, 1899. 
300 |a 210, XII p. ; 22 cm. 
500 |a Texto con signaturas. Propiedad intelectual: Derecho de propiedad reservado conforme la ley, para la reimpresión, reedición y traducción de la obra, y para la aplicación de la teoría a otro idioma. Falta encuadernación. Sello en tinta de la Biblioteca del Seminario, Querétaro. Sello en tinta del Seminario Conciliar, Querétaro 
504 |a Incluye índice de contenido 
650 1 0 |a Idiomas 
650 1 0 |a Español - Sintaxis 
740 0 |a Exposición racional de las reglas sintáxicas 
949 |a Fondo Histórico: 15084 
942 |c Q.R.H.T 
943 |g Seminario Conciliar de Nuestra Señora de Guadalupe Querétaro. Qro.. Biblioteca Florencio Rosas. Fondo Histórico 
999 |c 1088113  |d 1088113